000 00867nam a2200121Ia 4500
008 220620s9999||||xx |||||||||||||| ||und||
245 0 _aSpectral and High Order Methods for Partial Differential Equations ICOSAHOM 2018
_bSelected Papers from the ICOSAHOM Conference, London, UK, July 9-13, 2018
546 _aEnglish[eng]
650 _aPartial Differential Equations||Numerical Analysis||Analysis||High-order methods||Partial differential equations||Spectral methods||Isogeometric methods||Discontinuous Galerkin methods||Wave simulation||Uncertainty quantification||Open access||Differential calculus & equations||Numerical analysis
700 _aSherwin, Spencer J.||Moxey, David||Peiró, Joaquim||Vincent, Peter E.||Schwab, Christoph
856 _uhttps://library.oapen.org/bitstream/20.500.12657/41274/1/2020_Book_SpectralAndHighOrderMethodsFor.pdf
942 _cEB
999 _c28013
_d28013